[Event "Langley op"]
[Site "Langley CAN"]
[Date "2022.09.04"]
[Round "3.2"]
[White "Williamson, Jason"]
[Black "Nunez Asencio, Jorge"]
[Result "0-1"]
[WhiteElo "1831"]
[BlackElo "2311"]
[PlyCount "88"]
[EventDate "2022.09.03"]
[EventType "swiss"]
[EventRounds "6"]
[EventCountry "CAN"]

1. e4 c5 2. Nf3 a6 3. d4 cxd4 4. Nxd4 Nf6 5. Nc3 e5 6. Nf3 Bb4 7. Bd2 d6 8. Bd3
O-O 9. a3 Bxc3 10. Bxc3 Nc6 11. O-O h6 12. h3 Be6 13. Re1 Rc8 14. Bf1 Qb6 15.
a4 Rfd8 16. Qe2 Nb4 17. a5 Qc5 18. Qd2 Na2 19. Re3 Nxc3 20. Rxc3 Nxe4 21. Rxc5
Nxd2 22. Rxc8 Nxf3+ 23. gxf3 Rxc8 24. c3 Kf8 25. Ra4 Rc5 26. Kg2 Bd5 27. Be2
Bc6 28. Ra1 Rd5 29. Rd1 Rxa5 30. Rxd6 Ke7 31. Rd2 Rd5 32. Rc2 a5 33. b3 f5 34.
Bc4 Rd6 35. Be2 Kf6 36. h4 Kg6 37. b4 axb4 38. cxb4 Rd4 39. b5 Bd5 40. Rc5 Kf6
41. Kg3 Rd2 42. Bc4 Bxc4 43. Rxc4 Rd5 44. Rb4 b6 0-1

[Event "Langley op"]
[Site "Langley CAN"]
[Date "2022.09.04"]
[Round "3.3"]
[White "Fuentebella, Mayo"]
[Black "Landingin, Jofrel"]
[Result "1-0"]
[WhiteElo "2296"]
[BlackElo "1759"]
[PlyCount "117"]
[EventDate "2022.09.03"]
[EventType "swiss"]
[EventRounds "6"]
[EventCountry "CAN"]

1. c4 Nf6 2. Nc3 g6 3. e4 d6 4. d4 Nbd7 5. Nge2 Bg7 6. f3 a5 7. Be3 O-O 8. Qd2
Re8 9. g4 c5 10. h4 h5 11. g5 Nh7 12. f4 cxd4 13. Nxd4 e5 14. Ndb5 exf4 15.
Bxf4 Ne5 16. Be2 Qb6 17. Qxd6 Qxd6 18. Nxd6 Rd8 19. O-O-O Bg4 20. Rhe1 Rd7 21.
Kc2 Ra6 22. c5 Bxe2 23. Rxe2 Rc6 24. Rd5 Nf3 25. e5 Re7 26. Nc4 Rce6 27. Rd8+
Nf8 28. Ra8 Nd4+ 29. Kd3 Nxe2 30. Nxe2 Kh7 31. Rxa5 Nd7 32. Nd4 Nxe5+ 33. Nxe5
Rxe5 34. Bxe5 Bxe5 35. Ra4 Rd7 36. Ke4 Bg3 37. Nf3 Re7+ 38. Kd3 Bf2 39. Nd2
Rd7+ 40. Ke2 Bxc5 41. Ne4 Be7 42. Ra7 Kg7 43. a4 Bd8 44. a5 Rd4 45. Ke3 Rb4 46.
Ra8 Be7 47. Rb8 Rb5 48. Kd4 f5 49. gxf6+ Bxf6+ 50. Nxf6 Kxf6 51. Kc4 Rxa5 52.
Rxb7 Kf5 53. b4 Re5 54. Rd7 Re4+ 55. Rd4 Rxd4+ 56. Kxd4 g5 57. hxg5 h4 58. Ke3
Kxg5 59. b5 1-0

[Event "Langley op"]
[Site "Langley CAN"]
[Date "2022.09.04"]
[Round "3.4"]
[White "Zhu, Brandon"]
[Black "Qin, Kaiqi"]
[Result "1-0"]
[WhiteElo "2110"]
[BlackElo "1700"]
[PlyCount "125"]
[EventDate "2022.09.03"]
[EventType "swiss"]
[EventRounds "6"]
[EventCountry "CAN"]

1. e4 c6 2. Nf3 d5 3. exd5 cxd5 4. Ne5 Nd7 5. d4 Nxe5 6. dxe5 e6 7. Bd3 Ne7 8.
O-O Ng6 9. Qe2 Qc7 10. f4 Bc5+ 11. Be3 b6 12. c3 Bxe3+ 13. Qxe3 Qc5 14. Qd4 Ne7
15. Na3 a6 16. Nc2 Bb7 17. Qf2 Qxf2+ 18. Kxf2 Nc6 19. Ke3 Ke7 20. Nd4 Rac8 21.
Nxc6+ Rxc6 22. Kd4 f5 23. Rf2 g6 24. h3 Rhc8 {Black offered a draw.} 25. Rg1
Kf7 26. g4 Rg8 27. Rfg2 Rcc8 28. a4 Ra8 29. b4 a5 30. gxf5 exf5 31. Rb2 Bc6 32.
bxa5 Rxa5 33. Rxb6 Rc8 34. Rb4 Rxa4 35. Rxa4 Bxa4 36. Ra1 Bd7 37. Ra7 Ke6 38.
c4 Bc6 39. Rxh7 Rd8 40. Kc5 dxc4 41. Bxc4+ Bd5 42. Bxd5+ Rxd5+ 43. Kc4 Ra5 44.
Kd4 Ra4+ 45. Ke3 Kd5 46. Rd7+ Ke6 47. Rd6+ Kf7 48. h4 Ra3+ 49. Rd3 Ra1 50. Rd7+
Kf8 51. h5 gxh5 52. Rh7 Ra3+ 53. Kf2 h4 54. Rxh4 Kf7 55. Rh6 Ke7 56. Rf6 Ra2+
57. Kg3 Ra3+ 58. Kh4 Ra1 59. Kg5 Rh1 60. Kxf5 Rg1 61. Rh6 Rg7 62. Ra6 Rf7+ 63.
Ke4 1-0

[Event "Langley op"]
[Site "Langley CAN"]
[Date "2022.09.04"]
[Round "3.5"]
[White "Gu, Chuyang"]
[Black "Yang, Jingyun (Ryan)"]
[Result "0-1"]
[WhiteElo "1740"]
[BlackElo "2099"]
[PlyCount "76"]
[EventDate "2022.09.03"]
[EventType "swiss"]
[EventRounds "6"]
[EventCountry "CAN"]

1. e4 c5 2. Nf3 a6 3. d4 cxd4 4. Nxd4 Nf6 5. Nc3 e5 6. Nf3 Nc6 7. Bg5 Be7 8. a4
O-O 9. Bc4 h6 10. Bxf6 Bxf6 11. Nd5 d6 12. O-O Bg4 13. Be2 Rc8 14. c3 Be7 15.
Nxe5 Bxe2 16. Nxc6 bxc6 17. Nxe7+ Qxe7 18. Qxe2 Rfe8 19. Rfe1 Qb7 20. Qd2 Re6
21. Re3 Rb8 22. b4 a5 23. bxa5 Qa6 24. Rd3 Qxa5 25. Rxd6 Rxe4 26. Rd4 Rxd4 27.
Qxd4 Rb3 28. Rc1 Ra3 29. Qe4 Qxc3 30. Qe8+ Kh7 31. Qe4+ g6 32. Rf1 Kg7 33. g3
c5 34. Rb1 c4 35. Qc6 Ra2 36. Qd7 Qf6 37. Qa7 c3 38. Rc1 c2 0-1

[Event "Langley op"]
[Site "Langley CAN"]
[Date "2022.09.04"]
[Round "3.6"]
[White "Amjadi, Borna"]
[Black "McLaren, Brian"]
[Result "0-1"]
[WhiteElo "1715"]
[BlackElo "2073"]
[PlyCount "94"]
[EventDate "2022.09.03"]
[EventType "swiss"]
[EventRounds "6"]
[EventCountry "CAN"]

1. e4 Nf6 2. e5 Nd5 3. d4 d6 4. Nf3 Bg4 5. Be2 c6 6. exd6 exd6 7. c4 Nb6 8. Qc2
Be7 9. Be3 Na6 10. a3 Nc7 11. Nc3 Bxf3 12. gxf3 d5 13. c5 Nc8 14. Rg1 Ne6 15.
f4 Bf6 16. Rd1 g6 17. f5 Ng7 18. Bd3 Ne7 19. fxg6 hxg6 20. Rh1 Nef5 21. Qe2 Qe7
22. Bc2 Kd7 23. Rd3 Ne6 24. Kd1 Nfxd4 25. Bxd4 Bxd4 26. Qf3 Bxc3 27. Rxc3 Nd4
28. Qg4+ Ne6 29. b4 Rh4 30. Qg3 a5 31. Kd2 axb4 32. axb4 Rxb4 33. Re1 d4 34.
Rf3 Qg5+ 35. Qxg5 Nxg5 36. Rf6 Ra2 37. h4 Rbb2 38. hxg5 Rxc2+ 39. Kd1 Rxf2 40.
Rxf2 Rxf2 41. Re4 Rf5 42. Ke2 Rxc5 43. Rxd4+ Ke6 44. Rg4 b5 45. Ke3 Rd5 46. Ke4
c5 47. Ke3 b4 0-1

[Event "Langley op"]
[Site "Langley CAN"]
[Date "2022.09.04"]
[Round "3.7"]
[White "Xu, Andrew"]
[Black "Samiei, Navid"]
[Result "1/2-1/2"]
[WhiteElo "1959"]
[BlackElo "1686"]
[PlyCount "157"]
[EventDate "2022.09.03"]
[EventType "swiss"]
[EventRounds "6"]
[EventCountry "CAN"]

1. e4 c5 2. Nf3 Nc6 3. Bb5 g6 4. c4 Bg7 5. Nc3 Nf6 6. O-O O-O 7. d3 b6 8. Bg5
h6 9. Bf4 Kh7 10. Qd2 Nh5 11. Be3 Nd4 12. Bxd4 cxd4 13. Nd5 d6 14. Ne1 e6 15.
Nb4 Bb7 16. Bc6 Bxc6 17. Nxc6 Qd7 18. Nb4 a5 19. Nbc2 d5 20. exd5 exd5 21. b3
dxc4 22. bxc4 b5 23. Na3 bxc4 24. Nxc4 Qf5 25. f4 Ra6 26. Nf3 Nxf4 27. Nfe5
Bxe5 28. Nxe5 Qxe5 29. Rxf4 Kg7 30. Re1 Qc5 31. Rc1 Qe5 32. Re4 Qf6 33. Rf1 Qd8
34. Qb2 Rd6 35. Rxd4 Rxd4 36. Rf4 Qe7 37. Qxd4+ Kh7 38. Re4 Qa3 39. Qc4 Qb2 40.
Rf4 Kg8 41. h3 Qb1+ 42. Rf1 Qb4 43. Qd5 a4 44. d4 Qd2 45. Qc4 Qe3+ 46. Kh2 Qe8
47. d5 Qd7 48. Qd4 Qd6+ 49. Kh1 Rd8 50. Rd1 a3 51. Qe3 Rb8 52. Qc3 Rb5 53. Qc6
Rb6 54. Qc1 Rb2 55. Qc6 Rb6 56. Qxd6 Rxd6 57. Rd3 Kg7 58. Kg1 Kf6 59. Kf2 Ke5
60. Ke3 f5 61. Rxa3 Rxd5 62. Ra6 f4+ 63. Ke2 Kf5 64. a4 Rc5 65. Rd6 h5 66. Rd2
g5 67. Rb2 Ke4 68. Rb4+ Kd5 69. Rb5 Rxb5 70. axb5 g4 71. h4 Kc5 72. Kd3 Kxb5
73. Ke4 f3 74. gxf3 gxf3 75. Kxf3 Kc5 76. Kf4 Kd5 77. Kf5 Kd6 78. Kf6 Kd7 79.
Kf7 1/2-1/2

[Event "Langley op"]
[Site "Langley CAN"]
[Date "2022.09.04"]
[Round "3.8"]
[White "Peiris, Gayan"]
[Black "Basilio, Ronald"]
[Result "1-0"]
[WhiteElo "1922"]
[BlackElo "1622"]
[PlyCount "79"]
[EventDate "2022.09.03"]
[EventType "swiss"]
[EventRounds "6"]
[EventCountry "CAN"]

1. d4 Nf6 2. Nc3 c6 3. e4 d6 4. g3 g6 5. Bg2 Bg7 6. Nge2 O-O 7. O-O e5 8. h3
Nbd7 9. a4 a5 10. b3 Rb8 11. Bb2 Qc7 12. Qd2 b5 13. axb5 cxb5 14. dxe5 dxe5 15.
Rfd1 b4 16. Na4 Bb7 17. Qe3 Rfc8 18. c3 Nc5 19. cxb4 Nxa4 20. Rxa4 axb4 21.
Rxb4 Ba6 22. Rxb8 Qxb8 23. Nc1 h5 24. Qg5 Nh7 25. Qe7 Bf6 26. Qd6 Qb7 27. Bxe5
Rd8 28. Qxd8+ Bxd8 29. Rxd8+ Nf8 30. Bd6 Qc6 31. Na2 Qb6 32. Rxf8+ Kg7 33. e5
Qxb3 34. Nb4 Bc4 35. Rd8 Qc3 36. Bf8+ Kh7 37. Bc5 Be6 38. Nd3 Bf5 39. e6 Qf6
40. e7 1-0

[Event "Langley op"]
[Site "Langley CAN"]
[Date "2022.09.04"]
[Round "3.9"]
[White "Jayawardena, Dinusha"]
[Black "Liu, Zachary"]
[Result "0-1"]
[WhiteElo "1701"]
[BlackElo "1918"]
[PlyCount "100"]
[EventDate "2022.09.03"]
[EventType "swiss"]
[EventRounds "6"]
[EventCountry "CAN"]

1. e4 c5 2. Nc3 Nc6 3. Bb5 e6 4. Bxc6 bxc6 5. f4 d5 6. d3 Nf6 7. e5 Ng8 8. Nf3
Ba6 9. O-O c4 10. d4 h5 11. f5 exf5 12. Ng5 Bc8 13. Qe2 Be7 14. h4 Be6 15. b3
Qb6 16. Be3 cxb3 17. axb3 Nh6 18. Ra6 Qb7 19. Rfa1 Ng4 20. Qd3 Bc8 21. Ne2 Qc7
22. R6a4 Bxg5 23. Bxg5 f6 24. Bf4 fxe5 25. dxe5 Qb6+ 26. Qd4 c5 27. Qxd5 Bb7
28. Qd6 Qxd6 29. exd6 a6 30. b4 cxb4 31. Rxb4 Be4 32. c4 Kd7 33. Nd4 Rhb8 34.
Rba4 Rb2 35. R4a2 Rab8 36. Bc1 Rxa2 37. Rxa2 Rb1 38. Ne2 Bd3 39. Rb2 Rxb2 40.
Bxb2 Bxe2 41. c5 Nf6 42. Kf2 Bc4 43. Ke3 Bd5 44. g3 Bc6 45. Kf4 Ke6 46. Kg5
Ne4+ 47. Kf4 g6 48. Ba3 a5 49. Bb2 Nxc5 50. Kg5 Be8 0-1

[Event "Langley op"]
[Site "Langley CAN"]
[Date "2022.09.04"]
[Round "3.10"]
[White "Kerry, James"]
[Black "Dela Cruz, Jimson"]
[Result "1-0"]
[WhiteElo "1897"]
[BlackElo "1503"]
[PlyCount "53"]
[EventDate "2022.09.03"]
[EventType "swiss"]
[EventRounds "6"]
[EventCountry "CAN"]

1. e4 e6 2. d4 d5 3. e5 c5 4. c3 Nc6 5. Nf3 Qb6 6. Bd3 Bd7 7. dxc5 Bxc5 8. O-O
f6 9. b4 Be7 10. Re1 fxe5 11. Nxe5 Nxe5 12. Rxe5 Nf6 13. Be3 Qc7 14. Rg5 O-O
15. Bd4 h6 16. Rxg7+ Kxg7 17. Qg4+ Kh8 18. Qg6 e5 19. Qxh6+ Kg8 20. Qg5+ Kf7
21. Bg6+ Ke6 22. Qf5+ Kd6 23. Qxe5+ Kc6 24. b5+ Kxb5 25. Qxc7 Rac8 26. Bd3+ Ka4
27. Qxb7 1-0

[Event "Langley op"]
[Site "Langley CAN"]
[Date "2022.09.04"]
[Round "4.1"]
[White "Yang, Jingyun (Ryan)"]
[Black "Doknjas, John"]
[Result "0-1"]
[WhiteElo "2099"]
[BlackElo "2319"]
[PlyCount "84"]
[EventDate "2022.09.03"]
[EventType "swiss"]
[EventRounds "6"]
[EventCountry "CAN"]

1. g3 c5 2. Nf3 Nc6 3. d4 cxd4 4. Nxd4 g6 5. Nxc6 bxc6 6. Bg2 Bg7 7. O-O Nf6 8.
Nd2 O-O 9. Nf3 Ba6 10. c3 Qb6 11. Qc2 Rab8 12. b3 c5 13. Bf4 d6 14. Rad1 Bb7
15. c4 a5 16. Rfe1 Be4 17. Qc1 Qc6 18. Nh4 Bxg2 19. Nxg2 a4 20. Qc2 axb3 21.
axb3 Rb7 22. e4 Ng4 23. Ne3 Nxe3 24. Rxe3 e5 25. Bg5 h6 26. Red3 hxg5 27. Rxd6
Qc8 28. Qd3 Qb8 29. Qd5 Rb6 30. Rd7 Rxb3 31. Kg2 Qb4 32. Rc7 Qc3 33. Rxc5 Qf3+
34. Kg1 Rb2 35. Rf1 Rfb8 36. Qd7 Rxf2 37. Rc8+ Bf8 38. Rxf8+ Kxf8 39. Qd6+ Kg7
40. Qxe5+ Kh7 41. Rxf2 Rb1+ 42. Rf1 Rxf1# 0-1

[Event "Langley op"]
[Site "Langley CAN"]
[Date "2022.09.04"]
[Round "4.2"]
[White "Nunez Asencio, Jorge"]
[Black "Peiris, Gayan"]
[Result "1/2-1/2"]
[WhiteElo "2311"]
[BlackElo "1922"]
[PlyCount "288"]
[EventDate "2022.09.03"]
[EventType "swiss"]
[EventRounds "6"]
[EventCountry "CAN"]

1. d4 d5 2. c4 e6 3. Nf3 c5 4. cxd5 exd5 5. g3 Nc6 6. Bg2 Nf6 7. O-O Be7 8.
dxc5 Bxc5 9. a3 O-O 10. b4 Be7 11. Bb2 Be6 12. Nbd2 Qb6 13. Qb1 h6 14. Qd3 Rfd8
15. Nd4 Ne5 16. Qb5 Bd7 17. Qxb6 axb6 18. Rfc1 Bd6 19. N4f3 Nc6 20. Nb3 Ne4 21.
Rd1 Ne7 22. Nbd4 Rdc8 23. Rdc1 Rc4 24. e3 f6 25. Bf1 b5 26. Nb3 Rac8 {
Black offered a draw.} 27. Nfd4 b6 28. f3 Ng5 29. Nd2 Kf7 30. h4 Ne6 31. Bxc4
bxc4 32. Nxe6 Kxe6 33. Kf2 Be5 34. Bxe5 fxe5 35. f4 b5 36. Nf3 Nc6 37. Rd1 e4
38. Nd4+ Nxd4 39. Rxd4 h5 40. Ke2 Kd6 41. Kd2 Ra8 42. Kc3 Bg4 43. Rd2 g6 44.
Rda2 Ra4 45. Re1 Ke6 46. Raa1 Kd6 47. Kd4 Bf3 48. Kc3 Bg4 49. Rec1 Bf3 50. Rc2
Bg4 51. Rd2 Bf3 52. Kb2 Bg4 53. Rc1 Kc6 54. Rcc2 Ra8 55. Rd4 Be6 56. Ka2 Ra4
57. Rdd2 Ra7 58. Rd1 Ra8 59. Kb2 Ra4 60. Ra1 Bg4 61. Kc3 Kd6 62. Rd2 Bf3 63.
Kd4 Bg4 64. Rf2 Bf5 65. Kc3 Kc6 66. Kb2 Be6 67. Raf1 Bf5 68. Ra1 d4 69. exd4
Kd5 70. Re1 c3+ 71. Kb3 Kxd4 72. Rd1+ Ke3 73. Rc2 Be6+ 74. Kxc3 Rxa3+ 75. Kb2
Rb3+ 76. Kc1 Bc4 77. Rb2 Ra3 78. Rd6 Bd3 79. Rh2 Rb3 80. Rb2 Rc3+ 81. Kd1 Ra3
82. Rc6 Ra1+ 83. Rc1 Rxc1+ 84. Kxc1 Kf3 85. Kd2 Bc4 86. Rc2 e3+ 87. Ke1 Kxg3
88. Rc3 Kf3 89. Ra3 Kxf4 90. Ra6 Kf5 91. Rc6 Bd3 92. Rc3 Ke4 93. Rc5 Kd4 94.
Rc6 Ke5 95. Kd1 Kf4 96. Rd6 Bc4 97. Rxg6 Kf3 98. Ke1 Ke4 99. Rg5 Kd4 100. Rxh5
Kc3 101. Re5 Kxb4 102. Rxe3 Bf7 103. Kd2 Kc4 104. Rf3 Be8 105. Rf8 Bg6 106. Rh8
Kd5 107. h5 Bb1 108. Kc1 Bf5 109. h6 Kc4 110. h7 Kb3 111. Kd2 b4 112. Ke3 Kb2
113. Rb8 Bxh7 114. Rxb4+ Ka1 115. Kd2 Bg6 116. Kc3 Bf7 117. Kc2 Bg6+ 118. Kc1
Ka2 119. Rb2+ Ka3 120. Rg2 Bf5 121. Rg5 Be4 122. Rg3+ Ka2 123. Re3 Bg6 124.
Re2+ Kb3 125. Rg2 Bf5 126. Rb2+ Kc3 127. Rb5 Bg6 128. Rg5 Be4 129. Rg3+ Kd4
130. Kd2 Ke5 131. Ke3 Bc2 132. Rg2 Bf5 133. Ra2 Kf6 134. Kf4 Bd3 135. Ra3 Bc2
136. Ra6+ Kg7 137. Kg5 Bd3 138. Ra7+ Kh8 139. Ra3 Bc2 140. Ra7 Bb3 141. Rc7 Bd5
142. Kg6 Be4+ 143. Kf6 Bd5 144. Kg6 Be4+ 1/2-1/2

[Event "Langley op"]
[Site "Langley CAN"]
[Date "2022.09.04"]
[Round "4.3"]
[White "Liu, Zachary"]
[Black "Fuentebella, Mayo"]
[Result "0-1"]
[WhiteElo "1918"]
[BlackElo "2296"]
[PlyCount "56"]
[EventDate "2022.09.03"]
[EventType "swiss"]
[EventRounds "6"]
[EventCountry "CAN"]

1. e4 e6 2. d4 d5 3. Nd2 Nf6 4. e5 Nfd7 5. Bd3 c5 6. c3 Nc6 7. Ne2 f6 8. f4
cxd4 9. cxd4 fxe5 10. dxe5 Bc5 11. Ng3 g6 12. h4 O-O 13. Qg4 Ndxe5 14. Qe2 Rxf4
15. Ngf1 Rxh4 16. Rxh4 Qxh4+ 17. Kd1 Bd7 18. Bc2 Rf8 19. a3 Qf6 20. Qb5 b6 21.
Qa6 Qf2 22. Rb1 Nd4 23. a4 Bb5 24. Qxb5 Nxb5 25. axb5 Qxg2 26. Ba4 Rxf1+ 27.
Nxf1 Qxf1+ 28. Kd2 Qd3+ 0-1

[Event "Langley op"]
[Site "Langley CAN"]
[Date "2022.09.04"]
[Round "4.4"]
[White "Kerry, James"]
[Black "Zhu, Brandon"]
[Result "0-1"]
[WhiteElo "1897"]
[BlackElo "2110"]
[PlyCount "102"]
[EventDate "2022.09.03"]
[EventType "swiss"]
[EventRounds "6"]
[EventCountry "CAN"]

1. e4 e5 2. Nc3 Nc6 3. Bc4 Nf6 4. d3 Be7 5. f4 d6 6. Nf3 O-O 7. Be3 Ng4 8. Qd2
Nxe3 9. Qxe3 exf4 10. Qxf4 Bf6 11. O-O Nd4 12. Nxd4 Bxd4+ 13. Kh1 Be6 14. Bxe6
fxe6 15. Qd2 Qh4 16. Rf3 Rxf3 17. gxf3 Rf8 18. Rf1 Qh5 19. f4 Qc5 20. Ne2 Be3
21. d4 Bxd2 22. dxc5 dxc5 23. f5 exf5 24. Rxf5 Rxf5 25. exf5 Kf7 26. Ng3 Bc1
27. b3 Kf6 28. Ne4+ Kxf5 29. Nxc5 b6 30. Nd3 Bf4 31. h3 Ke4 32. Kg2 a5 33. Kf2
g5 34. Ke2 h5 35. Nf2+ Kd4 36. Kf3 Bc1 37. Nd1 Bd2 38. a4 c6 39. Ke2 Bf4 40.
Kf3 Bc7 41. Ke2 g4 42. hxg4 hxg4 43. c3+ Ke4 44. Ne3 g3 45. b4 Be5 46. bxa5
bxa5 47. c4 Kd4 48. Kf3 Kc5 49. Ng4 Bc7 50. Ne3 Kb4 51. Ke4 Bb6 0-1

[Event "Langley op"]
[Site "Langley CAN"]
[Date "2022.09.04"]
[Round "4.5"]
[White "Ma, Derek"]
[Black "Wu, Nathan"]
[Result "1/2-1/2"]
[WhiteElo "2223"]
[BlackElo "1862"]
[PlyCount "77"]
[EventDate "2022.09.03"]
[EventType "swiss"]
[EventRounds "6"]
[EventCountry "CAN"]

1. e4 d5 2. exd5 Qxd5 3. Nc3 Qd6 4. Nf3 c6 5. d4 Nf6 6. Bc4 Bg4 7. Be3 e6 8. h3
Bh5 9. g4 Bg6 10. Ne5 Nbd7 11. Bf4 Nxe5 12. Bxe5 Qb4 13. Bb3 Ne4 14. Qf3 Nxc3
15. bxc3 Qb6 16. O-O h5 17. Rab1 hxg4 18. hxg4 Qa5 19. Bc4 O-O-O 20. Rxb7 Kxb7
21. Rb1+ Qb6 22. Rxb6+ axb6 23. Bb5 Rc8 24. Ba4 f5 25. gxf5 Bxf5 26. c4 Rh4 27.
Kf1 Bb4 28. c3 Rh3 29. Qg2 Bxc3 30. Qxg7+ Ka6 31. Qg2 Kb7 32. f4 Re3 33. Qg7+
Ka6 34. c5 Be1 35. Qf7 Bd3+ 36. Kg1 Rg3+ 37. Kh2 Be4 38. cxb6 Rg2+ 39. Kh3
1/2-1/2

[Event "Langley op"]
[Site "Langley CAN"]
[Date "2022.09.04"]
[Round "4.6"]
[White "Jose, Marionito"]
[Black "Xu, Andrew"]
[Result "0-1"]
[WhiteElo "1636"]
[BlackElo "1959"]
[PlyCount "74"]
[EventDate "2022.09.03"]
[EventType "swiss"]
[EventRounds "6"]
[EventCountry "CAN"]

1. d4 Nf6 2. c4 g6 3. Nf3 Bg7 4. g3 O-O 5. Bg2 d5 6. cxd5 Nxd5 7. O-O c6 8. e4
Nb6 9. h3 N8d7 10. Nc3 e5 11. Be3 Nc4 12. Qe2 Nxe3 13. fxe3 Qc7 14. d5 Nb6 15.
Rac1 Bd7 16. Rfd1 Rad8 17. Rc2 Qb8 18. Rcd2 f5 19. exf5 e4 20. Ng5 gxf5 21. Ne6
Bxe6 22. dxe6 Rxd2 23. Rxd2 Qe5 24. Qd1 Qxe6 25. Rd8 Nd5 26. Rxf8+ Bxf8 27.
Nxd5 cxd5 28. Qb3 Qc6 29. g4 Qc1+ 30. Bf1 Qd2 31. Qc3 Qxc3 32. bxc3 Bc5 33.
gxf5 Bxe3+ 34. Kg2 Bf4 35. Kf2 Kg7 36. h4 Kf6 37. Bh3 Bd2 0-1

[Event "Langley op"]
[Site "Langley CAN"]
[Date "2022.09.04"]
[Round "4.7"]
[White "Samiei, Navid"]
[Black "Harms, Reece"]
[Result "1-0"]
[WhiteElo "1686"]
[BlackElo "1456"]
[PlyCount "73"]
[EventDate "2022.09.03"]
[EventType "swiss"]
[EventRounds "6"]
[EventCountry "CAN"]

1. d4 d5 2. c4 c6 3. Nf3 dxc4 4. a4 e6 5. Nc3 Bb4 6. e3 b5 7. axb5 cxb5 8. Bd2
Qb6 9. Ne5 Bb7 10. Qg4 g6 11. Qf4 f5 12. Nxc4 bxc4 13. Qe5 Nf6 14. Qxf6 Rf8 15.
Qh4 Rf7 16. f3 f4 17. Bxc4 fxe3 18. Bxe3 Rc7 19. Be2 Be7 20. Qf4 Bd6 21. Qg5 a6
22. Na4 Qb4+ 23. Kf2 Bc6 24. Nc5 Bxc5 25. Qxc5 Qxb2 26. Rhb1 Qxe2+ 27. Kxe2
Bxf3+ 28. gxf3 Rxc5 29. dxc5 Nd7 30. c6 Nf6 31. c7 Rc8 32. Rb8 Kd7 33. Bb6 Nd5
34. Ba5 h5 35. Rxc8 Kxc8 36. Rb1 Nxc7 37. Rc1 1-0

[Event "Langley op"]
[Site "Langley CAN"]
[Date "2022.09.04"]
[Round "4.8"]
[White "Gu, Eric"]
[Black "Song, Ethan"]
[Result "0-1"]
[WhiteElo "1437"]
[BlackElo "2086"]
[PlyCount "66"]
[EventDate "2022.09.03"]
[EventType "swiss"]
[EventRounds "6"]
[EventCountry "CAN"]

1. e4 e5 2. Nf3 Nc6 3. Nc3 Nf6 4. d4 exd4 5. Nxd4 Bb4 6. Nxc6 bxc6 7. Bd3 d5 8.
exd5 cxd5 9. O-O O-O 10. h3 h6 11. Qf3 Be6 12. Ne2 c5 13. Rd1 Qe7 14. c3 Ba5
15. Nf4 Bc7 16. Bc2 Rad8 17. Bb3 Qd6 18. g3 Rfe8 19. Nxe6 Qxe6 20. Kg2 c4 21.
Ba4 Re7 22. Be3 Ne4 23. Bc2 Rb8 24. Bxe4 dxe4 25. Qe2 Bb6 26. Rd2 Bxe3 27. Qxe3
Reb7 28. Qe2 f5 29. Rad1 Kh7 30. a3 Rb6 31. Rc2 f4 32. gxf4 Qf5 33. Kh1 Qxh3+
0-1

[Event "Langley op"]
[Site "Langley CAN"]
[Date "2022.09.04"]
[Round "4.9"]
[White "Leong, Ryan"]
[Black "Holmgren, Emilian"]
[Result "1-0"]
[WhiteElo "1950"]
[BlackElo "1401"]
[PlyCount "67"]
[EventDate "2022.09.03"]
[EventType "swiss"]
[EventRounds "6"]
[EventCountry "CAN"]

1. Nf3 Nc6 2. d4 d5 3. g3 Nf6 4. Bg2 g6 5. O-O Bg7 6. b3 Bf5 7. Bb2 Qd7 8. e3
O-O 9. a3 Bh3 10. c4 Bxg2 11. Kxg2 e6 12. Nc3 Na5 13. Ne5 Qe7 14. cxd5 Nxd5 15.
Nxd5 exd5 16. Bc3 Nc6 17. Nxc6 bxc6 18. Bb4 Qe4+ 19. Qf3 Rfe8 20. Qxe4 Rxe4 21.
Rfc1 Re6 22. Ba5 Rb8 23. Rc3 c5 24. Rxc5 Rxb3 25. Rxc7 Ra6 26. Rc8+ Bf8 27. Bd8
Kg7 28. a4 Ra3 29. Rb1 R3xa4 30. Rb7 Rd6 31. Bc7 Re6 32. Be5+ Rxe5 33. dxe5 a5
34. e6 1-0

[Event "Langley op"]
[Site "Langley CAN"]
[Date "2022.09.04"]
[Round "4.10"]
[White "He, Matthew"]
[Black "Xu, Hannah"]
[Result "1/2-1/2"]
[WhiteElo "1843"]
[BlackElo "1369"]
[PlyCount "173"]
[EventDate "2022.09.03"]
[EventType "swiss"]
[EventRounds "6"]
[EventCountry "CAN"]

1. d4 Nf6 2. c4 g6 3. Nc3 Bg7 4. e4 d6 5. Nf3 O-O 6. Be2 Nbd7 7. O-O e5 8. d5
Nc5 9. Bg5 h6 10. Bxf6 Bxf6 11. b4 Nd7 12. Qd2 Bg7 13. Qb2 a5 14. a3 Nf6 15.
Nd2 b6 16. Rac1 Bd7 17. c5 axb4 18. axb4 bxc5 19. bxc5 dxc5 20. Nd1 Qe7 21. Qc3
Ra2 22. Bc4 Ra7 23. Bd3 Ra2 24. Bb1 Ra7 25. Qxc5 Qxc5 26. Rxc5 Rc8 27. Nf3 Bf8
28. Rc3 Bd6 29. Ne3 Bb5 30. Rfc1 Ba3 31. R1c2 Bd6 32. Rb2 Ra5 33. Nc4 Bxc4 34.
Rxc4 Rca8 35. g3 Ra4 36. Nd2 Nd7 37. Bc2 Ra1+ 38. Kg2 R1a2 39. Rb7 R8a7 40.
Rxa7 Rxa7 41. Rc6 Nc5 42. Nb3 Nxb3 43. Bxb3 Rb7 44. Rc3 Kg7 45. Bc2 Kf6 46. Kf3
Rb4 47. h4 h5 48. Ke3 Rb8 49. f4 Ra8 50. Rb3 Ra2 51. Rc3 Ra1 52. Bd3 Ra3 53.
Rxa3 Bxa3 54. Bb5 Bd6 55. Kf3 Bc5 56. Be8 Bd6 57. Bd7 Ke7 58. Bh3 Kf6 59. Bc8
Ke7 60. f5 Kf6 61. Ke3 Ke7 62. fxg6 fxg6 63. Be6 Kf6 64. g4 g5 65. hxg5+ Kxg5
66. gxh5 Kxh5 67. Kd3 Kg5 68. Bf5 Kf4 69. Kc4 Kg5 70. Kb5 Kf4 71. Kc6 Kg5 72.
Kd7 Kf4 73. Ke6 Ke3 74. Bg6 Kf4 75. Kf7 Kg4 76. Bf5+ Kf4 77. Kg6 Ke3 78. Kg5
Kd4 79. Kg4 Ke3 80. Kg3 Kd4 81. Kf3 Kd3 82. Bh3 Kd4 83. Bf1 Kc5 84. Ke3 Be7 85.
Kd3 Bd6 86. Kc3 Be7 87. Bh3 1/2-1/2

[Event "Langley op"]
[Site "Langley CAN"]
[Date "2022.09.05"]
[Round "5.1"]
[White "Doknjas, John"]
[Black "Fuentebella, Mayo"]
[Result "1/2-1/2"]
[WhiteElo "2319"]
[BlackElo "2296"]
[PlyCount "67"]
[EventDate "2022.09.03"]
[EventType "swiss"]
[EventRounds "6"]
[EventCountry "CAN"]

1. e4 e6 2. d4 d5 3. e5 c5 4. c3 Nc6 5. Nf3 Qb6 6. a3 a5 7. Bd3 h6 8. h4 Bd7 9.
Bc2 Rc8 10. O-O g6 11. dxc5 Bxc5 12. b4 Bf8 13. Be3 Qc7 14. b5 Nce7 15. Bd3 Nf5
16. Bxf5 gxf5 17. a4 Bc5 18. Bf4 Bb6 19. Qd2 Ne7 20. Bxh6 Qc4 21. Nd4 Ng6 22.
h5 Ne7 23. Qg5 Bxd4 24. Bg7 Rh7 25. cxd4 Qxd4 26. Bf6 Qxa1 27. Bxe7 Rxh5 28.
Qf6 Rh6 29. Qxh6 Kxe7 30. Qf6+ Ke8 31. Rd1 Qxa4 32. Qh8+ Ke7 33. Qf6+ Ke8 34.
Qh8+ 1/2-1/2

[Event "Langley op"]
[Site "Langley CAN"]
[Date "2022.09.05"]
[Round "5.2"]
[White "Zhu, Brandon"]
[Black "Nunez Asencio, Jorge"]
[Result "0-1"]
[WhiteElo "2110"]
[BlackElo "2311"]
[PlyCount "122"]
[EventDate "2022.09.03"]
[EventType "swiss"]
[EventRounds "6"]
[EventCountry "CAN"]

1. d4 d5 2. c4 c6 3. Nf3 Nf6 4. e3 a6 5. Nbd2 Bf5 6. Nh4 Be4 7. Be2 e6 8. O-O
Nbd7 9. g3 Bd6 10. f3 Bg6 11. c5 Bc7 12. e4 dxe4 13. Nxg6 hxg6 14. Nxe4 Nxe4
15. fxe4 Rxh2 16. e5 Rh8 17. Qb3 Nxe5 18. dxe5 Qd4+ 19. Be3 Qxe5 20. Rf4 O-O-O
21. Rd1 g5 22. Rxd8+ Bxd8 23. Rf2 Qxg3+ 24. Rg2 Qe1+ 25. Bf1 Qh4 26. Qc4 Qh3
27. Qe2 Qh1+ 28. Kf2 Qh4+ 29. Kg1 Bf6 30. Qf3 Bd4 31. Bxd4 Qxd4+ 32. Qf2 Qxf2+
33. Rxf2 f6 34. Bc4 Kd7 35. Rd2+ Ke7 36. Rd6 e5 37. Kg2 a5 38. Re6+ Kd7 39.
Rd6+ Kc7 40. Be6 Rd8 41. Rxd8 Kxd8 42. Kf3 Kc7 43. Ke4 b6 44. Kd3 bxc5 45. Bf5
Kd6 46. b3 Kd5 47. a4 c4+ 48. bxc4+ Kc5 49. Bd7 g6 50. Be8 g4 51. Bxg6 g3 52.
Be4 f5 53. Bg2 e4+ 54. Ke3 Kd6 55. Kd4 c5+ 56. Ke3 Ke5 57. Bh3 f4+ 58. Kd2 Kd4
59. Be6 f3 60. Ke1 e3 61. Bd5 g2 0-1

[Event "Langley op"]
[Site "Langley CAN"]
[Date "2022.09.05"]
[Round "5.3"]
[White "McLaren, Brian"]
[Black "Samiei, Navid"]
[Result "1-0"]
[WhiteElo "2073"]
[BlackElo "1686"]
[PlyCount "75"]
[EventDate "2022.09.03"]
[EventType "swiss"]
[EventRounds "6"]
[EventCountry "CAN"]

1. e4 c5 2. Nc3 Nc6 3. g3 g6 4. Bg2 Bg7 5. d3 d6 6. Be3 e6 7. Qd2 Nge7 8. Bh6
O-O 9. h4 Bxh6 10. Qxh6 f6 11. Qd2 Rb8 12. f4 e5 13. h5 Qe8 14. Nge2 Nd4 15.
hxg6 Qxg6 16. f5 Qg5 17. Qxg5+ fxg5 18. Nxd4 cxd4 19. Nb5 Rf6 20. c3 Bd7 21.
Na3 dxc3 22. bxc3 Rc8 23. Kd2 Kg7 24. Nc4 Rh8 25. Bf3 Be8 26. Bh5 Bc6 27. Rhe1
Rh6 28. Rh1 Rf6 29. Rae1 Rd8 30. Rhf1 Rh6 31. f6+ Rxf6 32. Rxf6 Kxf6 33. Rf1+
Kg7 34. Rf7+ Kh6 35. g4 Nc8 36. Ne3 Bd7 37. Rxd7 Rxd7 38. Nf5# 1-0